Statistics for Group by Leader (Kpop)

Click here to take the quiz!

General Stats

  • This quiz has been taken 438 times
  • The average score is 16 of 21

Answer Stats

LeaderGroup% Correct
RMBTS
99%
G-DragonBigBang
98%
IreneRed Velvet
95%
SuhoEXO
91%
S.CoupsSeventeen
89%
JBGOT7
87%
SolarMamamoo
87%
OnewSHINee
86%
Victoriaf(x)
83%
LeeteukSuper Junior
82%
TaeyongNCT 127
81%
TaeyeonGirls' Generetion
80%
B.IiKON
79%
CL2NE1
79%
ZicoBlock B
75%
NVIXX
65%
HyolynSISTAR
65%
Jin JinASTRO
64%
SoljiEXID
49%
SungjinDay6
33%
SojinGirl's Day
30%

Score Distribution

Percentile by Number Answered

Percent of People with Each Score

Your Score History

You have not taken this quiz